Everybody Loves Raymond Characters - Statistics

General Stats
  • This quiz has been taken 25 times
  • The average score is 7 of 15
Answer Stats
Hint Answer % Correct
The Sports Newspaper Writer Raymond Barone
82%
The Nice Girlfriend of the cop brother Amy
76%
The Angry and Tird Wife Debra Barone
76%
The Grumpy Old Dad Frank Barone
76%
The Crazy Old Mom Marie Barone
76%
The Cop Brother Robert Barone
76%
He Owns the Pizza Place Nemo
59%
The Greek Girlfriend of the cop brother Stefani
47%
The Daughter Ally Barone
41%
The Handyman Bestfriend Gianni
35%
The Nerdy Bestfriend Andy
29%
The Kevin James Best Friend Doug
29%
The Partner Police Officer of the cop brother Judy
29%
The Weird Cousin Cousin Gerard
6%
The Twins Mike & Jeffery Barone
0%
No matching quizzes found
Score Distribution
Percent of People with Each Score
Percentile by Number Answered
Your Score History
You have not taken this quiz